UNDERSTANDING NUTRITION (Record no. 3952)

MARC details
000 -LEADER
fixed length control field 00486nam a22001577a 4500
003 - CONTROL NUMBER IDENTIFIER
control field OSt
005 - DATE AND TIME OF LATEST TRANSACTION
control field 20220401135322.0
008 - FIXED-LENGTH DATA ELEMENTS--GENERAL INFORMATION
fixed length control field 220401b |||||||| |||| 00| 0 eng d
020 ## - INTERNATIONAL STANDARD BOOK NUMBER
International Standard Book Number 9780357447512
040 ## - CATALOGING SOURCE
Transcribing agency CML
082 ## - DEWEY DECIMAL CLASSIFICATION NUMBER
Edition number 21
Classification number 612.3WHI
245 ## - TITLE STATEMENT
Title UNDERSTANDING NUTRITION
Statement of responsibility, etc. BY WHITNEY, ELLIE AND ROLFES, RADY SHARON
260 ## - PUBLICATION, DISTRIBUTION, ETC.
Place of publication, distribution, etc. AUSTRALIA
Name of publisher, distributor, etc. CENGAGE PUBLISHERS
Date of publication, distribution, etc. 2022
300 ## - PHYSICAL DESCRIPTION
Other physical details chiefly ill., xix, 650p. INCLUDES APPENDIXES, GLOSSARY AND AN INDEX.
942 ## - ADDED ENTRY ELEMENTS (KOHA)
Source of classification or shelving scheme Dewey Decimal Classification
Koha item type Books
Call number prefix 612.3
Call number suffix WHI
Holdings
Withdrawn status Lost status Source of classification or shelving scheme Damaged status Not for loan Collection code Home library Current library Shelving location Date acquired Total Checkouts Full call number Date last seen Copy number Price effective from Koha item type
    Dewey Decimal Classification     Technology (Applied Sciences) Chalimbana Main Library Chalimbana Main Library Technology (Applied Sciences) 04/01/2022   612.3WHI 04/01/2022 1 04/01/2022 Books
    Dewey Decimal Classification     Technology (Applied Sciences) Chalimbana Main Library Chalimbana Main Library Technology (Applied Sciences) 04/01/2022   612.3WHI 04/01/2022 2 04/01/2022 Books
    Dewey Decimal Classification     Technology (Applied Sciences) Chalimbana Main Library Chalimbana Main Library Technology (Applied Sciences) 04/01/2022   612.3WHI 04/01/2022 3 04/01/2022 Books
    Dewey Decimal Classification     Technology (Applied Sciences) Chalimbana Main Library Chalimbana Main Library Technology (Applied Sciences) 04/01/2022   612.3WHI 04/01/2022 4 04/01/2022 Books

Powered by Koha